01739nam a2200385 a 4500001001000000003000500010005001700015008004100032010001100073011001100084040000900095090001000104100004200114245020600156260004100362500006000403502007100463590004100534590004000575590004000615590004000655590004000695650004800735650004400783650004700827650005100874700005000925856007000975901000701045942001001052942000601062999001901068952013101087952013501218000114600CHAP20220329144448.0180308s2017 mx a fsm |||||||spa d a111061 a112033 cCHAP aTesis1 aCruz Salazar, Ricardo Jesús913479110aDefinición de la zona federal de oleoductos:h[En línea]bel caso del gasoducto Tula-Villa de Reyes con ramal a Salamanca /cpor Ricardo Jesús Cruz Salazar y Abraham Alejandro Hernández Molina. aChapingo, Méx. :bEl autor,c2017. aPara ver el contenido del material haga clic en la liga aTesis (Ing. en Irrigación) -- UACH. Departamento de Irrigación aBATCH-UPDb05c20180309lUCH01h0946 aE8697GMMb05c20180308lUCH01h1004 aE8697GMMb05c20180308lUCH01h1005 aE8697GMMb05c20180309lUCH01h0903 aE8697GMMb05c20180309lUCH01h094514aAgua subterráneaxSan Luis Potosí9247814aGasxObtención y producción.94720014aHidraulicaxModelos matemáticos.913480014aHidrologíaxMétodos estadísticos.9552681 aHernández Molina, Abraham Alejandro9134792 aFinding aiduhttp://10.13.5.2/tesis/sist114600.pdfzTeclea aquí aBK cTESIS n0 c111061d111061 00104054718TESISaBCbBCd2018-03-08fTESISl0oTesisp114601-10r2019-12-31 00:00:00w2019-12-31yTESISzRecien adquirido 00102local4053708TESISaBCbBCcPA_TESISd2018-03-08fTESISl0oTesisp114601-20r2019-12-31 00:00:00tc.2w2019-12-31yTESIS